Diễn xướng dân gian làng Phò Trạch, xã Phong Bình, huyện Phong Điền, tỉnh Thừa Thiên Huế

Khái quát lịch sử hình thành và phát triển của vùng đất Phò Trạch, xã Phong Bình, huyện Phong Điền, tỉnh Thừa Thiên Huế. Tổng quan về trò diễn xướng dân gian làng Phò Trạch

Na minha lista:
Detalhes bibliográficos
Autor principal: Nguyễn Thế
Formato: Livro
Idioma:Vietnamese
Publicado em: H. Khoa học xã hội 2015
Assuntos:
Tags: Adicionar Tag
Sem tags, seja o primeiro a adicionar uma tag!
Thư viện lưu trữ: Mạng thư viện Đại học Đà Nẵng
LEADER 01628aam a22003978a 4500
001 000023568
003 20021
005 20160107090142.0
008 160107s2015 viesd
020 |d 2000b 
041 0 |a vie 
082 0 4 |2 23  |a 781.6200959749  |b NG-T 
100 1 |a Nguyễn Thế 
245 1 0 |a Diễn xướng dân gian làng Phò Trạch, xã Phong Bình, huyện Phong Điền, tỉnh Thừa Thiên Huế  |c Nguyễn Thế 
260 |a H.  |b Khoa học xã hội  |c 2015 
300 |a 169 tr.  |c 21 cm. 
500 |a ĐTTS ghi: Hội Văn nghệ dân gian Việt Nam 
520 |a Khái quát lịch sử hình thành và phát triển của vùng đất Phò Trạch, xã Phong Bình, huyện Phong Điền, tỉnh Thừa Thiên Huế. Tổng quan về trò diễn xướng dân gian làng Phò Trạch 
650 0 4 |2 Bộ TK TVQG  |a Âm nhạc dân gian  |x Văn hóa dân gian  |z Thừa Thiên Huế 
650 7 |2 Bộ TK TVQG 
651 7 |2 Bộ TK TVQG  |a Thừa Thiên-Huế 
651 4 |a Phò Trạch 
651 7 |2 Bộ TK TVQG  |a Phong Điền 
651 4 |a Phong Bình 
653 |a Văn hóa dân gian 
653 |a Diễn xướng 
OWN |a LSP 
AVA |a UDN50  |b LSP  |d 781.6200959749 NG-T  |e available  |t Error 5001 Not defined in file expand_doc_bib_avail.  |f 1  |g 0  |h N  |i 0  |k 1 
999 |a From the UDN01 
AVA |a UDN50  |b LSP  |d 781.6200959749 NG-T  |e available  |t Error 5001 Not defined in file expand_doc_bib_avail.  |f 1  |g 0  |h N  |i 0  |k 1 
TYP |a Monograph 
TYP |a Printed language 
980 |a Mạng thư viện Đại học Đà Nẵng